سیرت حضرت سید نا بلال رضی الله تعالیٰ عنہ (Record no. 13505)
[ view plain ]
| 000 -LEADER | |
|---|---|
| fixed length control field | 00404nam a22001217a 4500 |
| 082 ## - DEWEY DECIMAL CLASSIFICATION NUMBER | |
| Classification number | 10597 |
| Item number | ا ل ی |
| 100 ## - MAIN ENTRY--AUTHOR NAME | |
| Personal name | محمّد الیاس عادل |
| 245 ## - TITLE STATEMENT | |
| Title | سیرت حضرت سید نا بلال رضی الله تعالیٰ عنہ |
| Remainder of title | موزن رسول |
| 260 ## - PUBLICATION, DISTRIBUTION, ETC. (IMPRINT) | |
| Place of publication | لاہور |
| Name of publisher | مشتاق بک کارنر |
| 300 ## - PHYSICAL DESCRIPTION | |
| Number of Pages | ١٩٢ ص |
| 650 ## - SUBJECT ADDED ENTRY--TOPICAL TERM | |
| Topical Term | Seerat, Hazrat Bilal, islam, Biography |
| 942 ## - ADDED ENTRY ELEMENTS (KOHA) | |
| Koha item type | Books |
| Withdrawn status | Lost status | Collection code | Permanent Location | Current Location | Shelving location | Date acquired | Full call number | Accession Number | Koha item type |
|---|---|---|---|---|---|---|---|---|---|
| | | Islamic Personalities Biographies | MAJU | MAJU | Shelf No.A10 | 2022-11-30 | 10597 ا ل ی | 10597 | Books |